| 000 | 00419nam a2200145Ia 4500 | ||
|---|---|---|---|
| 008 | 210210b1977 xxu||||| |||| 00| 0 eng d | ||
| 082 | _a346.096 BULL | ||
| 100 | _aBULCHANDANI (K R). | ||
| 245 | _aLaw of negotiable instruments with act and case law. | ||
| 260 |
_aBombay _bHimalaya Publishing House _c1977 |
||
| 300 | _axvi,168 | ||
| 650 | _anegotiable instruments act case law | ||
| 690 | _aLaw | ||
| 906 | _aSG01765 | ||
| 999 |
_c113184 _d113184 |
||